| 000 | 00545 a2200145 4500 | ||
|---|---|---|---|
| 020 | _a8171920632 | ||
| 082 | _a536.7 | ||
| 090 |
_c1653 _d1653 |
||
| 100 | _aAwode, Mahendra R. | ||
| 245 |
_aNonequilibrium Thermodynamics _bIrreversible Thermodynamics of Physico-Chemical and Biological Processes _cMahendra R. Awode |
||
| 260 |
_aNagpur, India _bDattsons _c2005. |
||
| 300 | _aviii, 141 | ||
| 942 |
_aSNS _cBK _k536.7 AWO |
||
| 999 |
_c30262 _d30262 |
||